History of New Mexico : (Record no. 51749)

MARC details
000 -LEADER
fixed length control field 00729cam a22002171a 4500
001 - CONTROL NUMBER
control field rc 01000198
003 - CONTROL NUMBER IDENTIFIER
control field DLC
005 - DATE AND TIME OF LATEST TRANSACTION
control field 20260227111859.0
008 - FIXED-LENGTH DATA ELEMENTS--GENERAL INFORMATION
fixed length control field 751008s1891 nyuac 000 0deng
010 ## - LIBRARY OF CONGRESS CONTROL NUMBER
LC control number rc 01000198
035 ## - SYSTEM CONTROL NUMBER
System control number (OCoLC)1687045
040 ## - CATALOGING SOURCE
Original cataloging agency DLC
Transcribing agency NmPE
Modifying agency NmPE
-- MnHi
-- DLC
042 ## - AUTHENTICATION CODE
Authentication code premarc
043 ## - GEOGRAPHIC AREA CODE
Geographic area code n-us-nm
050 00 - LIBRARY OF CONGRESS CALL NUMBER
Classification number F796
Item number .H2
100 1# - MAIN ENTRY--PERSONAL NAME
Personal name Haines, Helen.
245 10 - TITLE STATEMENT
Title History of New Mexico :
Remainder of title from the Spanish conquest to the present time, 1530-1890 : with portraits and biographical sketches of its prominent people /
Statement of responsibility, etc. by Helen Haines.
260 ## - PUBLICATION, DISTRIBUTION, ETC.
Place of publication, distribution, etc. New York :
Name of publisher, distributor, etc. New Mexico Historical Pub. Co.,
Date of publication, distribution, etc. 1891.
300 ## - PHYSICAL DESCRIPTION
Extent xix, 631 p. :
Other physical details ill., ports. ;
Dimensions 24 cm.
651 #0 - SUBJECT ADDED ENTRY--GEOGRAPHIC NAME
Geographic name New Mexico
General subdivision History.

No items available.

Powered by Koha